Music Quiz

Random Music or Kpop Quiz

300 Kpop Idols Quiz Stats

 Plays Quiz not verified by Sporcle

Support Sporcle.
Go Orange.
Score 0/300 Timer 20:00
0 Plays Today
Hint Answer % Correct
MISS AMIN
97.5%
SEVENTEENJUN
96.6%
U-KISSJUN
96.6%
IKONCHANWOO
95.2%
2NE1CL
94.5%
BTSJIN
93.5%
BLACKPINKLISA
92.4%
BIG BANGG-DRAGON
91.9%
BTSJIMIN
91.9%
EXOD.O
91.8%
BTSRAP MONSTER
91.7%
BTSJ-HOPE
91.5%
BIG BANGT.O.P
91.5%
BTSSUGA
91.5%
BLACKPINKROSE
91.3%
BTSJUNGKOOK
91.2%
2NE1BOM
90.9%
EXOCHEN
90.7%
GOT7MARK
90.7%
NCTMARK
90.7%
BLACKPINKJENNIE
90.7%
BLACKPINKJISOO
90.7%
EXOKAI
90.6%
EXOBAEKHYUN
90.1%
EXOSUHO
90%
EXOCHANYEOL
89.9%
GOT7JACKSON
89.9%
BIG BANGTAEYANG
89.8%
BTSV
89.7%
EXOSEHUN
89.6%
EXOLAY
89.6%
GOT7JINYOUNG
89.6%
B1A4JINYOUNG
89.6%
WANNA ONEJINYOUNG
89.6%
DAY6JAE
89.5%
EXOXIUMIN
89.4%
BIG BANGSEUNGRI
89.2%
GOT7JB
89.1%
EXIDLE
89%
2NE1DARA
88.8%
BIG BANGDAESUNG
88.8%
F(X)AMBER
88.7%
4MINUTEHYUNA
87.4%
GOT7BAMBAM
87.4%
NU'ESTJR
87.4%
SHINEEMINHO
86.9%
F(X)KRYSTAL
86.4%
SHINEETAEMIN
86.4%
RED VELVETJOY
86.4%
RED VELVETIRENE
86.1%
RED VELVETWENDY
86%
2NE1MINZY
85.8%
BTOBMINHYUK
85.8%
CN BLUEMINHYUK
85.8%
MONSTA XMINHYUK
85.8%
GIRLS GENERATIONTAEYEON
85.7%
EXIDHANI
85.6%
SHINEEKEY
85.5%
BLOCK BZICO
85.1%
SHINEEONEW
84.9%
GOT7YOUNGJAE
84.6%
SHINEEJONGHYUN
84.4%
GOT7YUGYEOM
84.4%
CN BLUEJONGHYUN
84.4%
RED VELVETSEULGI
84.2%
RED VELVETYERI
84.1%
IKONBOBBY
84%
F(X)VICTORIA
83.4%
SEVENTEENVERNON
83.3%
SEVENTEENWOOZI
83.3%
NCTTAEIL
83.2%
BLOCK BTAEIL
83.2%
TWICEMOMO
83.1%
ZE:AHEECHUL
83.1%
SUPER JUNIORHEECHUL
83%
IKONB.I
82.6%
I.O.IMINA
82.6%
TWICEMINA
82.6%
SEVENTEENS.COUPS
82.4%
GIRLS GENERATIONSUNNY
82.4%
F(X)LUNA
82.2%
IKONDONGHYUK
81.9%
NU'ESTREN
81.2%
GIRLS GENERATIONTIFFANY
81.2%
MONSTA XI.M
80.8%
I.O.ISOMI
80.5%
SEVENTEENDINO
80.2%
TWICESANA
80.2%
SEVENTEENDK
80.1%
SEVENTEENTHE8
80.1%
NCTTAEYONG
80.1%
TWICETZUYU
79.8%
SEVENTEENHOSHI
79.8%
MONSTA XSHOWNU
79.8%
GIRLS GENERATIONYOONA
78.4%
BTOBSUNGJAE
78.4%
WINNERMINO
78.3%
SUPER JUNIORLEETEUK
78.1%
SEVENTEENJOSHUA
78.1%
BTOBPENIEL
78%
Hint Answer % Correct
VIXXLEO
77.9%
MONSTA XWONHO
77.9%
SEVENTEENMINGYU
77.8%
MAMAMOOSOLAR
77.8%
SEVENTEENWONWOO
77.7%
BLOCK BP.O
77.4%
TWICEJIHYO
77%
NCTJISUNG
76.9%
WANNA ONEJISUNG
76.9%
VIXXRAVI
76.9%
K.A.R.D.BM
76.8%
TWICEDAHYUN
76.6%
MISS ASUZY
76.5%
TWICENAYEON
76%
NCTTEN
76%
SEVENTEENSEUNGKWAN
75.9%
MAMAMOOHWASA
75.9%
SUPER JUNIORSIWON
75.7%
GIRLS GENERATIONYURI
75.7%
VIXXKEN
75.7%
MONSTA XKIHYUN
75.7%
MONSTA XJOOHEON
75.7%
SEVENTEENJEONGHAN
75.4%
NCTJOHNNY
75%
2PMTAECYEON
75%
WANNA ONEDANIEL
75%
INFINITEL
74%
NCTWINWIN
74%
SUPER JUNIORSHINDONG
73.8%
VIXXHYUK
73.8%
NCTYUTA
73.7%
MONSTA XHYUNGWON
73.6%
MAMAMOOMOONBYUL
73.5%
2PMJUNHO
73%
BTOBILHOON
72.8%
GIRLS GENERATIONSEOHYUN
72.8%
K.A.R.D.J.SEPH
72.5%
SISTARBORA
72.4%
SUPER JUNIORDONGHAE
72.3%
NU'ESTMINHYUN
72.3%
WANNA ONEMINHYUN
72.3%
GIRLS GENERATIONHYOYEON
72%
GIRLS GENERATIONJESSICA
71.8%
BTOBEUNKWANG
71.7%
SUPER JUNIOREUNHYUK
71.5%
2PMJUN.K
71.4%
MAMAMOOWHEEIN
71.2%
BLOCK BB-BOMB
71.2%
EXIDSOLJI
71.1%
K.A.R.D.JIWOO
71%
SUPER JUNIORHENRY
70.9%
GIRLS GENERATIONSOOYOUNG
70.7%
APINKBOMI
70.7%
SISTARHYORIN
70.6%
K.A.R.D.SOMIN
70.5%
VIXXN
70.5%
TWICECHAEYOUNG
70.3%
SUPER JUNIORYESUNG
70.2%
NCTJAEHYUN
69.9%
NCTCHENLE
69.7%
SUPER JUNIORKYUHYUN
69.6%
NCTDOYOUNG
69.5%
VIXXHONGBIN
69.5%
BTOBCHANGSUB
69.3%
NU'ESTARON
69.2%
WINNERTAEHYUN
68.8%
IKONJINHWAN
68.5%
APINKEUNJI
68.5%
DAY6YOUNG K
68.4%
MISS AFEI
68.2%
BLOCK BU-KWON
67.9%
2PMNICHKHUN
67.9%
IKONJUNE
67.7%
DAY6WONPIL
67.5%
NU'ESTBAEKHO
67.1%
NCTHAECHAN
67%
APINKNAEUN
66.9%
BTOBHYUNSIK
66.7%
SUPER JUNIORRYEOWOOK
66.4%
TWICEJEONGYEON
66.3%
TVXQCHANGMIN
65.7%
B1A4BARO
65.5%
HIGHLIGHTYOSEOB
65.3%
INFINITESUNGGYU
65.2%
INFINITEHOYA
65.1%
SUPER JUNIORKANGIN
64.9%
NCTJENO
64.7%
BLOCK BKYUNG
64.3%
NCTRENJUN
64.1%
MBLAQSEUNGHO
64%
NCTJAEMIN
63.8%
APINKCHORONG
63.7%
INFINITEDONGWOO
63.6%
TVXQYUNHO
63.5%
SISTARSOYOU
63.2%
WINNERJINWOO
62.9%
EXIDJUNGHWA
62.9%
2PMCHANSUNG
62.7%
SISTARDASOM
62.6%
WANNA ONEDAEHWI
62.4%
Hint Answer % Correct
B1A4CNU
62%
WINNERSEUNGYOON
61.7%
2PMWOOYOUNG
61.7%
WINNERSEUNGHOON
61.6%
I.O.ICHUNGHA
61.2%
SUPER JUNIORSUNGMIN
61%
IKONYUNHYEONG
60.7%
INFINITESUNGYEOL
60.6%
B1A4SANDEUL
60.6%
WANNA ONEJIHOON
60.3%
BLOCK BJAEHYO
60.1%
HIGHLIGHTGIKWANG
60%
SUPER JUNIORZHOUMI
59.9%
TEEN TOPNIEL
59.9%
INFINITEWOOHYUN
59.4%
EXIDHYERIN
59.3%
EPIK HIGHTABLO
58.8%
APINKNAMJOO
58.8%
MBLAQG.O
58.8%
WANNA ONEGUANLIN
58.7%
CN BLUEYONGHWA
58.4%
MISS AJIA
58.1%
AKDONG MUSICIANSUHYUN
57.9%
DAY6DOWOON
57.6%
B1A4GONGCHAN
57.1%
INFINITESUNGJONG
57%
DAY6SUNGJIN
56%
4MINUTEJIYOON
55.8%
JYJJAEJOONG
55.7%
FT ISLANDHONGKI
55.5%
4MINUTEGAYOON
55.3%
HIGHLIGHTDOOJOON
55%
JYJJUNSU
54.4%
TEEN TOPC.A.P
54.4%
WANNA ONESEONGWOO
54.3%
AKDONG MUSICIANCHANHYUK
53.6%
WANNA ONESUNGWOON
53.5%
I.O.INAYOUNG
53.2%
APINKHAYOUNG
53.1%
WANNA ONEWOOJIN
53.1%
U-KISSKEVIN
52.6%
ZE:AKEVIN
52.6%
WANNA ONEJAEHWAN
52.5%
I.O.IDOYEON
52.5%
HIGHLIGHTDONGWOON
51.7%
4MINUTEJIHYUN
51.1%
SHINHWAERIC
50.2%
HIGHLIGHTJUNHYUNG
50%
I.O.ISEJEONG
49.9%
4MINUTESOHYUN
49.8%
TEEN TOPRICKY
49.3%
I.O.IYOOJUNG
49%
SUPER JUNIORKIBUM
48.9%
JYJYOOCHUN
48.2%
SHINHWAMINWOO
47.1%
BOYFRIENDMINWOO
47.1%
ZE:AMINWOO
47.1%
CN BLUEJUNGSHIN
46.7%
I.O.ISOHYE
45.9%
ZE:AHYUNGSIK
45.4%
TEEN TOPCHUNJI
45.3%
I.O.ICHAEYEON
45%
TEEN TOPL.JOE
44.9%
BOYFRIENDYOUNGMIN
43.7%
TEEN TOPCHANGJO
43.6%
BOYFRIENDKWANGMIN
43.5%
MBLAQMIR
43.2%
SUPER JUNIORHANGENG
42.7%
BOYFRIENDDONGHYUN
40.6%
SHINHWAANDY
39.8%
U-KISSELI
39.7%
I.O.IYEONJUNG
36%
FT ISLANDJAEJIN
35.8%
U-KISSSOOHYUN
34.8%
BOYFRIENDJEONGMIN
33.4%
EPIK HIGHDJ TUKUTZ
32.5%
ZE:AKWANGHEE
32.4%
FT ISLANDMINHWAN
32.3%
EPIK HIGHMITHRA JIN
32.1%
U-KISSKISEOP
30.7%
DAVICHIKANG MINKYUNG
30.4%
ZE:ASIWAN
29.5%
FT ISLANDJONGHOON
28.3%
BOYFRIENDHYUNSEONG
27.6%
DAVICHILEE HAERI
27.5%
U-KISSHOON
26.9%
SECHSKIESJIWON
26.5%
FT ISLANDSEUNGHYUN
26.5%
I.O.IJIEQIONG
25.8%
SHINHWAJUNJIN
24.5%
ZE:ADONGJUN
24%
SHINHWAHYESUNG
21.9%
SHINHWADONGWAN
19.9%
SECHSKIESSUNGHOON
19.2%
SECHSKIESJAEDUCK
18.7%
SECHSKIESSUWON
15.9%
SECHSKIESJIYONG
14.8%
ZE:ATAEHOON
13.4%
SECHSKIESJAIJIN
13%
ZE:ALEE HOO
12%

You're not logged in!

Compare scores with friends on all Sporcle quizzes.
OR
Log In

From the Vault

Who's That With a Bird? II

by timmylemoine1

Bird puns just fly right over our heads.
Remove Ads.
Support Sporcle.
Get the best of Sporcle when you Go Orange. This ad-free experience offers more features, more stats, and more fun while also helping to support Sporcle. Thank you for becoming a member.

Show Comments

Extras

Created Nov 28, 2017ReportNominate
Tags:Kpop Quiz, Kpop Idol, Kpop Quiz

Top Quizzes Today


Score Distribution

Your Account Isn't Verified!

In order to create a playlist on Sporcle, you need to verify the email address you used during registration. Go to your Sporcle Settings to finish the process.

Report this User

Report this user for behavior that violates our Community Guidelines.

Details: